00388nam a2200145Ia 4500008004100000020001800041041000800059082001600067100002800083245004100111250000600152260003900158300001400197650003100211210716s2003 xx 000 0 und d a9788129702053 aeng a004.65 QUIB aQuinn, Bob;Shute, Dave. aWindows sockets network programming. a1 aNew DelhibPearson Educationc2003 axviii,637 aMicrosoft Windows(005.269)